| 000 | 00903cam a22002534a 4500 | ||
|---|---|---|---|
| 005 | 20250901165438.0 | ||
| 008 | 060413s2006 enk 001 0 eng | ||
| 010 | _a 2006045383 | ||
| 020 | _a9780273710189 (text only) | ||
| 020 | _a0273710184 (pbk. : text only) | ||
| 020 | _a9780273710172 (text and cases) | ||
| 020 | _a0273710176 (text and cases) | ||
| 050 | 0 | 0 |
_aHD30.28 .J648 2006 _b.J648 2006 |
| 082 | 0 | 0 |
_a658.4/012 _222 |
| 100 | 1 | _aJohnson, Gerry. | |
| 245 | 1 | 0 |
_aExploring corporate strategy / _cGerry Johnson, Kevan Scholes, Richard Whittington. |
| 250 | _a7th enhanced media edition. | ||
| 260 |
_aHarlow, England : _aNew York : _bFT/Prentice Hall, _c2006. |
||
| 300 |
_axxxvi, 1033 p. : _bcol. ill. ; _c27 cm. |
||
| 500 | _aSubtitle on cover: Text and cases. | ||
| 500 | _a"Student access code" inserted. | ||
| 500 | _aIncludes bibliographical references and index. | ||
| 942 | _2lcc | ||
| 999 |
_c4091 _d4091 |
||